00498nam a2200169Ia 4500008004100000020001500041040001900056041001200075082002900087245008500116260002600201300001900227504001900246650002100265700002000286850002200306131103s9999 xx 000 0 und d a000216275x aLoreto College aEnglish a828/LEW-COMbLCLIB/45651 aC.SLewis at the breakfast table and other reminiscencescedited by James T. Como aLondonbCollinsc1980 a299p. c 23cm. aIncludes index aEnglish writitng aComo, James T.  aLCLIB/828/LEW-COM